[Event "FRA-chT2 North 0607"]
[Site "France"]
[Date "2007.01.21"]
[Round "6.6"]
[White "Chery, Samson"]
[Black "Bartha, Sandor"]
[Result "1/2-1/2"]
[WhiteElo "1680"]
[BlackElo "2139"]
[PlyCount "104"]
[EventDate "2006.10.15"]
[EventType "team"]
[EventRounds "11"]
[EventCountry "FRA"]
[SourceTitle "EXT 2008"]
[Source "ChessBase"]
[SourceDate "2007.11.25"]
[SourceVersion "1"]
[SourceVersionDate "2007.11.25"]
[SourceQuality "1"]
[WhiteTeam "Rosny sous Bois"]
[BlackTeam "Bagneux"]
[WhiteTeamCountry "FRA"]
[BlackTeamCountry "FRA"]

1. d4 d5 2. c4 c6 3. Nc3 Nf6 4. e3 e6 5. Bd3 dxc4 6. Bxc4 b5 7. Bd3 a6 8. Nf3 Bb7 9. 0-0 c5 10. Re1 Nbd7 11. e4 cxd4 12. Nxd4 Bc5 13. Nb3 Qc7 14. Bg5 b4 15. Na4 Be7 16. Rc1 Qd8 17. Nbc5 Bc8 18. e5 Nd5 19. Bxe7 Qxe7 20. Be4 0-0 21. Bxd5 exd5 22. Qxd5 Rb8 23. e6 Nf6 24. exf7+ Qxf7 25. Qxf7+ Rxf7 26. Rcd1 a5 27. Ne6 Bxe6 28. Rxe6 Rc7 29. Ra6 Rb5 30. Kf1 Re5 31. f3 h6 32. a3 bxa3 33. bxa3 Rc2 34. Re1 Rxe1+ 35. Kxe1 Rxg2 36. Rxa5 Rxh2 37. Nc3 h5 38. Ne2 Rh1+ 39. Kf2 Ra1 40. Nf4 h4 41. Kg2 Ra2+ 42. Kh3 Rf2 43. Kxh4 Rxf3 44. Nh3 Rd3 45. Ng5 Kf8 46. Ra7 Rd4+ 47. Kh3 Rd7 48. Ne6+ Kf7 49. Rxd7+ Nxd7 50. Nd4 Nb6 51. Kg4 Kf6 52. Nb3 Na4 1/2-1/2